00000000nam##2200000za#4500
0019.663878
003CaOODSP
00520210615121253
007ta
008150407|2002||||xxc|||||     f|0| 0 fre|d
020 |z0-662-32392-0
040 |aCaOODSP|bfre
041 |aeng
041 |afre
043 |an-cn---
0861 |aT31-122/2002-1
1102 |aGarde côtière canadienne.
24510|aMini-manuel des procédures de R-D - version abrégée
260 |aOttawa - Ontario : |bPêches et Océans Canada. |c2002.
300 |a26p. : |btableaux ; |c28 cm.
5203 |aCe guide sommaire est destiné aux agents de projets et aux agents administratifs de la Garde côtière canadienne qui sont chargés de planifier les projets, d’adjuger les contrats de recherche et développement, et d’en rendre compte. Chaque nouvelle édition renferme les dernières mises à jour et évolue en réponse aux changements dans la planification d’entreprise et à la suite de la restructuration de l’organisation.
563 |aReliure à spirale
590 |a02-39|b2002-09-27
69107|aGarde côtière|2gcpds
69107|aRecherche et développement|2gcpds
7760#|tR&D mini manual (abbreviated procedural guide) / |w(CaOODSP)9.695766
791 |tR&D mini-manual abbreviated procedural guide |eeng|w(CaOODSP)9.663877